000 00726nam a22002537a 4500
001 20744
003 UA-OsUOA
005 20220126124852.0
007 ta
008 20031103b un ||||| |||| 00| 0 ukr d
040 _aUA-OsUOA
_brus
_cUA-OsUOA
_dUA-OsUOA
041 _arus
044 _aUA
080 _a929:32(477)
090 _a929:32(477)
_bМ64
100 _aМиронова И. А.
245 _aДекабрист Иван Дмитриевич Якушкин
_bкнига для учащихся
260 _aМосква
_bПросвещение
_c1987
300 _a108 с.
650 7 _2UDC
942 _cBK
_2udc
955 _a0
999 _c306926
_d306926